[Event "NOR-chT 0809"]
[Site "Norway"]
[Date "2008.11.07"]
[Round "2"]
[White "Trygstad, Kristian J"]
[Black "Pedersen, Jone Riska"]
[Result "1-0"]
[WhiteElo "2319"]
[BlackElo "2089"]
[PlyCount "46"]
[EventDate "2008.11.07"]
[EventType "team-tourn"]
[EventRounds "11"]
[EventCountry "NOR"]
[SourceTitle "EXT 2010"]
[Source "ChessBase"]
[SourceDate "2010.11.25"]
[SourceVersion "1"]
[SourceVersionDate "2010.11.25"]
[SourceQuality "1"]

1. e4 g6 2. d4 Bg7 3. Nc3 c5 4. dxc5 Qa5 5. Bd2 Qxc5 6. Nd5 b6 7. Bf4 Bxb2 8. Nc7+ Kd8 9. Nxa8 Qb4+ 10. Bd2 Qxe4+ 11. Be2 Qxa8 12. Rb1 Bd4 13. Nf3 Bc5 14. Bc3 f6 15. Qd2 Bb7 16. 0-0 e5 17. Nxe5 Bxg2 18. Rfd1 Bh1 19. Bf1 fxe5 20. Bxe5 Nh6 21. Bxh8 Qf3 22. Rb3 Qh5 23. Rh3 Qf5 1-0